German Ministers of War/ Defense since 1867 - with Picture - Statistics

General Stats
  • This quiz has been taken 13 times
    7 since last reset
  • The average score is 13 of 44
Answer Stats
Picture Hint Answer % Correct
1956-1963
Konrad Adenauer
Bundesminister für/ der Verteidigung
Federal Minister of Defense
Christian Social Union in Bavaria
Franz Josef Strauß
86%
1969-1972
Willy Brandt
Bundesminister der Verteidigung
Federal Minister of Defense
Social Democratic Party of Germany
Helmut Schmidt
86%
1938-1945
Adolf Hitler
Führer und Reichskanzler
Leader (Fuhrer) and Imperial Chancellor
NSDAP
Adolf Hitler
71%
2013-2019
Angela Merkel
Bundesministerin der Verteidigung
Federal Minister of Defense
Christian Democratic Union of Germany
Ursula von der Leyen
71%
2019-2021
Angela Merkel
Bundesministerin der Verteidigung
Federal Minister of Defense
Christian Democratic Union of Germany
Annegret Kramp-Karrenbauer
57%
since 2021
Olaf Scholz
Bundesministerin der Verteidigung
Federal Minister of Defense
Social Democratic Party of Germany
Christine Lambrecht
57%
1972-1978
Brandt, Scheel, Schmidt
Bundesminister der Verteidigung
Federal Minister of Defense
Social Democratic Party of Germany
Georg Leber
57%
1966-1969
Kurt Georg Kiesinger
Bundesminister der Verteidigung
Federal Minister of Defense
Christian Democratic Union of Germany
Gerhard Schröder
57%
1978-1982
Helmut Schmidt
Bundesminister der Verteidigung
Federal Minister of Defense
Social Democratic Party of Germany
Hans Apel
57%
2009-2011
Angela Merkel
Bundesminister der Verteidigung
Federal Minister of Defense
Christian Social Union in Bavaria
Karl-Theodor zu Guttenberg
57%
2011-2013
Angela Merkel
Bundesminister der Verteidigung
Federal Minister of Defense
Christian Democratic Union of Germany
Thomas de Maizière
57%
1932-1933
Papen, Schleicher
Reichswehrminister
Minister of the Imperial Army
no party
Kurt von Schleicher
43%
1990
Lothar de Maizière
Minister für Abrüstung und Verteidigung
Minister of Disarmament and Defense
Democratic Awakening, Christian Democratic Union of Germany
Rainer Eppelmann
43%
1998-2002
Gerhard Schröder
Bundesminister der Verteidigung
Federal Minister of Defense
Social Democratic Party of Germany
Rudolf Scharping
43%
1928-1932
Marx, Müller, Brüning
Reichswehrminister
Minister of the Imperial Army
no party
Wilhelm Groener
43%
1956-1960
Otto Grotewohl
Minister für Nationale Verteidigung
Minister of National Defense
Socialist Unity Party of Germany
Willi Stoph
43%
2005-2009
Angela Merkel
Bundesminister der Verteidigung
Federal Minister of Defense
Christian Democratic Union of Germany
Franz Josef Jung
29%
1989-1992
Helmut Kohl
Bundesminister der Verteidigung
Federal Minister of Defense
Christian Democratic Union of Germany
Gerhard Stoltenberg
29%
1960-1985
Grotewohl, Stoph, Sindermann
Minister für Nationale Verteidigung
Minister of National Defense
Socialist Unity Party of Germany
Heinz Hoffmann
29%
1985-1989
Stoph, Modrow
Minister für Nationale Verteidigung
Minister of National Defense
Socialist Unity Party of Germany
Heinz Keßler
29%
1982-1988
Helmut Kohl
Bundesminister der Verteidigung
Federal Minister of Defense
Christian Democratic Union of Germany
Manfred Wörner
29%
1920-1928
Müller, Fehrenbach, Wirth, Cuno, Stresemann, Marx, Luther, Geßler
Reichswehrminister
Minister of the Imperial Army
German Democratic Party
Otto Geßler
29%
2002-2005
Gerhard Schröder
Bundesminister der Verteidigung
Federal Minister of Defense
Social Democratic Party of Germany
Peter Struck
29%
1955-1956
Konrad Adenauer
Bundesminister für Verteidigung
Federal Minister of Defense
Christian Democratic Union of Germany
Theodor Blank
29%
1989-1990
Hans Modrow
Minister für Nationale Verteidigung
Minister of National Defense
Socialist Unity Party of Germany
Theodor Hoffmann
29%
1992-1998
Helmut Kohl
Bundesminister der Verteidigung
Federal Minister of Defense
Christian Democratic Union of Germany
Volker Rühe
29%
1933-1938
Adolf Hitler
Reichswehrminister, Reichskriegsminister
Minister of the Imperial Army, Imperial Minister of War
no party, NSDAP
Werner von Blomberg
29%
1867-1873
Otto von Bismarck
Preußischer Kriegsminister
Prussian Minister of War
Generalfeldmarschall
General of the Army (OF-10)
no party
Albrecht von Roon
14%
1873-1883
Otto von Bismarck
Preußischer Kriegsminister
Prussian Minister of War
General der Infanterie
Major General (OF-7)
no party
Georg von Kameke
14%
1919-1920
Gustav Bauer
Reichswehrminister
Minister of the Imperial Army
Social Democratic Party of Germany
Gustav Noske
14%
1918-1919
Baden/ Friedberg, Ebert/ Hirsch/ Ströbel
Preußischer Kriegsminister
Prussian Minister of War
Generalleutnant
Brigadier General (OF-6)
no party
Heinrich Schëuch
14%
1963-1966
Adenauer, Erhard
Bundesminister der Verteidigung
Federal Minister of Defense
Christian Democratic Union of Germany
Kai-Uwe von Hassel
14%
1915-1916
Theobald von Bethmann Hollweg
Preußischer Kriegsminister
Prussian Minister of War
Generalleutnant
Brigadier General (OF-6)
no party
Adolf Wild von Hohenborn
0%
1913-1915
Theobald von Bethmann Hollweg
Preußischer Kriegsminister
Prussian Minister of War
Generalleutnant
Brigadier General (OF-6)
no party
Erich von Falkenhayn
0%
1890-1893
Caprivi, Eulenburg
Preußischer Kriegsminister
Prussian Minister of War
General der Infanterie
Major General (OF-7)
no party
Hans von Kaltenborn-Stachau
0%
1896-1903
Schillingsfürst, Bülow
Preußischer Kriegsminister
Prussian Minister of War
General der Infanterie
Major General (OF-7)
no party
Heinrich von Goßler
0%
1916-1918
Michaelis, Hertling, Baden/Friedberg
Preußischer Kriegsminister
Prussian Minister of War
General der Artillerie
Major General (OF-7)
no party
Hermann von Stein
0%
1909-1913
Theobald von Bethmann Hollweg
Preußischer Kriegsminister
Prussian Minister of War
General der Infanterie
Major General (OF-7)
no party
Josias von Heeringen
0%
1889-1890
Bismarck, Caprivi
Preußischer Kriegsminister
Prussian Minister of War
General der Infanterie
Major General (OF-7)
no party
Julius von Verdy du Vernois
0%
1903-1909
Bülow, Hollweg
Preußischer Kriegsminister
Prussian Minister of War
General der Kavallerie
Major General (OF-7)
no party
Karl von Einem
0%
1883-1889
Otto von Bismarck
Preußischer Kriegsminister
Prussian Minister of War
General der Infanterie
Major General (OF-7)
no party
Paul Bronsart von Schellendorff
0%
1988-1989
Helmut Kohl
Bundesminister der Verteidigung
Federal Minister of Defense
Christian Democratic Union of Germany
Rupert Scholz
0%
1893-1896
Eulenburg, Schillingfürst
Preußischer Kriegsminister
Prussian Minister of War
General der Infanterie
Major General (OF-7)
no party
Walther Bronsart von Schellendorff
0%
1919
Ebert/ Hirsch/ Ströbel, Scheidemann/ Hirsch, Bauer/ Hirsch
Preußischer Kriegsminister
Prussian Minister of War
Oberst
Colonel (OF-5)
no party
Walther Reinhardt
0%
No matching quizzes found
Score Distribution
Percent of People with Each Score
Percentile by Number Answered
Your Score History
You have not taken this quiz since the last reset